Gaming Quiz - Statistics

General Stats
  • This quiz has been taken 411 times
  • The average score is 4 of 5
Answer Stats
Hint Answer % Correct
Block game Minecraft
92%
Car-Jacking game GTA
90%
Master Cheif Halo
89%
War game Call of Duty
77%
Old violent game Duke nukem
5%
No matching quizzes found
Score Distribution
Percent of People with Each Score
Percentile by Number Answered
Your Score History
You have not taken this quiz